Harry Potter - The Logical Elimination #2 - Statistics

General Stats
  • This quiz has been taken 2,876 times
    2,092 since last reset
  • The average score is 13 of 21
Answer Stats
Hint Answer % Correct
I was raised by my grandmother Neville Longbottom
93%
I worked as a Minister for Magic Cornelius Fudge
85%
I had a silver hand Peter Pettigrew
79%
I was a werewolf Remus Lupin
79%
I grew up with my cousin Harry Potter
73%
I work as a professor Minerva McGonagall
73%
I have kissed Ron Lavender Brown
71%
I am a nephew of Ron Albus Potter
69%
I married a Triwizard Champion Bill Weasley
69%
I work in the Knight Bus Stanley Shunpike
69%
I worked as a driver Ernest Prang
64%
I used to date Percy Penelope Clearwater
62%
I have one daughter Xenophilius Lovegood
57%
I was sorted into Hufflepuff Susan Bones
56%
I grew up with muggles Hermione Granger
53%
I had a baby boy when I died James Potter
53%
I was a hostage in the Triwizard Tournament Cho Chang
52%
I am one of the creators of the Marauder's Map Sirius Black
49%
I played as a Chaser for Gryffindor team Dean Thomas
42%
I was sorted into Ravenclaw Marietta Edgecombe
34%
I was a part of a known trio Vincent Crabbe
25%
No matching quizzes found
Score Distribution
Percent of People with Each Score
Percentile by Number Answered
Your Score History
You have not taken this quiz since the last reset